000 00775nam a22002297a 4500
003 UA-OsUOA
001 28517
007 ta
008 20050404b un ||||| |||| 00| 0 ukr d
090 _a016:050:327(477+100)
_bУ45
942 _cBK
040 _aUA-OsUOA
_bukr
_cUA-OsUOA
_dUA-OsUOA
245 _aУкраїна і світ: проблеми міжнародного співробітництва та колективної безпеки
_bБібліогр. статейукр. період. вид. (1991-1999 рр.)
_cУпоряд. Е. А.Афонін І. А.Душ Т. А.Яковлєва
300 _a100 с.
955 _a0
041 _aukr
080 _a016:050:327(477+100)
260 _aК.
_c1999
044 _aUA
650 7 _2UDC
999 _c314886
_d314886